| 000 | 01687nam0a2200385 i 4500 | ||
|---|---|---|---|
| 001 | RU\NLR\BIBL_A\010981554 | ||
| 005 | 20260405065457.0 | ||
| 010 |
_a978-5-7934-0664-2 _95500 |
||
| 021 |
_aRU _b2016-5738 _9360 |
||
| 035 | _a(NILC)RuMoRGB-008128732 | ||
| 035 | _a(NLR Aleph) 010981554 | ||
| 090 |
_a10875519 _c10875519 |
||
| 100 | _a20160215d2015 u y0rusy50 ca | ||
| 101 | 0 |
_akom _arus |
|
| 102 | _aRU | ||
| 105 | _ay|||e||||00yy | ||
| 200 | 1 |
_aРусско-коми словарь. Коми-роч кывчукöр _e[свыше 12000 слов и выражений в русско-коми части и 9000 слов в коми-русской части] _fЛ. М. Безносикова, Е. А. Айбабина _zkom |
|
| 210 |
_aСыктывкар _cТитул _d2015 |
||
| 215 |
_a439 с. _d17 |
||
| 517 | 1 | _aКоми-роч кывчукöр | |
| 606 | 1 |
_aРусский язык _xСловари _xКоми языки _91395124 _3RU\NLR\AUTH\66586751 |
|
| 606 | 1 |
_aКоми языки _xСловари _xРусский язык _91395132 _3RU\NLR\AUTH\66586755 |
|
| 675 | _a811.511 | ||
| 686 | 1 | _aШ141.12-483 | |
| 686 | 1 | _aШ166-483 | |
| 700 | 1 |
_8rus _7ca _aБезносикова _bЛ. М. _f1940 - _gЛюция Михайловна _3RU\NLR\AUTH\7723260 _96314 |
|
| 701 | 1 |
_8rus _7ca _aАйбабина _bЕ. А. _cканд. филол. наук _f1952 - _gЕвгения Авенировна _3RU\NLR\AUTH\7721827 _94888 |
|
| 801 | 0 |
_aRU _bРГБ _c20160128 _gRCR |
|
| 852 |
_aNLR _bОНЛ _jМК-21768 |
||
| 852 |
_aNLR _bОНЛ _jКоми-З./2-1934 |
||
| 942 | _cBOOK | ||
| 980 | _aNBR | ||